000 00512nam a2200181Ia 4500
001 16493
005 20260306170313.0
008 260306t2023||||xx |||||||||||||| ||und||
041 _aESP
082 _a348.6
_bM86D
100 _aMorillo Villavicencio, AnalĂ­,
_eAUT
245 0 _aDerechos y obligaciones aplicables al teletrabajo / Modelos y formatos aplicables al teletrabajo
260 _c2023
300 _avarias paginaciones :
_c24 cm.
650 _aGEN
654 _aCDE
942 _cLIB
_dJUS
_fJUS
_2ddc
_n
999 _c16493
_d16493